[Event "EU-ch Seniors 65 22nd"]
[Site "Acqui Terme"]
[Date "2023.05.31"]
[Round "6"]
[White "Raynes, Paul"]
[Black "Taksrud, Vidar"]
[Result "0-1"]
[WhiteElo "2077"]
[BlackElo "1885"]
[PlyCount "142"]
[EventDate "2023.05.26"]
[EventType "swiss"]
[EventRounds "9"]
[EventCountry "ITA"]
[SourceTitle "CBM 214 Extra"]
[Source "ChessBase"]
[SourceDate "2023.07.31"]
[SourceVersion "1"]
[SourceVersionDate "2023.07.31"]
[SourceQuality "1"]

1. d4 Nf6 2. c4 e6 3. Nc3 Bb4 4. g3 0-0 5. Bg2 d5 6. Nf3 c6 7. 0-0 Nbd7 8. Qb3 Bd6 9. Bf4 dxc4 10. Qxc4 Nb6 11. Qb3 Nbd5 12. Bxd6 Qxd6 13. Rac1 Nxc3 14. bxc3 Nd7 15. Rfd1 a5 16. a4 b5 17. e3 Ba6 18. Nd2 Rab8 19. Ne4 Qe7 20. Qa2 Rfc8 21. axb5 Bxb5 22. c4 Ba6 23. Qxa5 Ra8 24. Qh5 f5 25. Ng5 Nf6 26. Qh4 h6 27. Nf3 Qb4 28. Ne5 Bb7 29. c5 Ra2 30. Rb1 Qa4 31. Rdc1 Ba6 32. Bf3 Qa5 33. Rd1 Qc3 34. Qh3 Rf8 35. Qg2 Ne4 36. Bxe4 fxe4 37. Qh3 Raxf2 38. Qxe6+ Kh7 39. Qg6+ Kh8 40. Qxe4 Bc8 41. Ng6+ Kg8 42. Nxf8 Rxf8 43. Rf1 Rxf1+ 44. Rxf1 Bh3 45. Rb1 Qd2 46. Qf3 Qc2 47. Re1 Qc3 48. Qf2 Qd3 49. e4 Be6 50. Qe3 Qc2 51. Re2 Qd1+ 52. Kg2 Bg4 53. Rf2 Be6 54. h3 Kh7 55. Rd2 Qc1 56. Re2 Qb1 57. g4 Bc4 58. Rf2 Bd3 59. Kf3 g5 60. Qd2 Qh1+ 61. Kg3 Qg1+ 62. Rg2 Qxd4 63. Rf2 Qe5+ 64. Kg2 Bxe4+ 65. Kg1 Qg3+ 66. Kf1 Bd3+ 67. Re2 Qxh3+ 68. Ke1 Qh1+ 69. Kf2 Qh2+ 70. Ke3 Qxe2+ 71. Qxe2 Bxe2 0-1

[Event "EUR-chT Seniors 65"]
[Site "Prague"]
[Date "2021.09.07"]
[Round "9.2"]
[White "Modrova, Hana"]
[Black "Taksrud, Vidar"]
[Result "0-1"]
[WhiteElo "1816"]
[BlackElo "1910"]
[PlyCount "58"]
[EventDate "2021.08.30"]
[EventType "team-swiss"]
[EventRounds "9"]
[EventCountry "CZE"]
[SourceTitle "CBM 204 Extra"]
[Source "ChessBase"]
[SourceDate "2021.11.30"]
[SourceVersion "1"]
[SourceVersionDate "2021.11.30"]
[SourceQuality "1"]
[WhiteTeam "Czech Republic (Women) 65"]
[BlackTeam "Golden Oldies 65"]
[WhiteTeamCountry "CZE"]
[BlackTeamCountry "NOR"]

1. d4 Nf6 2. Nf3 e6 3. Bg5 c5 4. c3 Nc6 5. e3 Be7 6. Bd3 b6 7. Nbd2 Bb7 8. 0-0 0-0 9. dxc5 bxc5 10. Qc2 h6 11. Bxf6 Bxf6 12. Ne4 Be7 13. Rad1 d5 14. Ng3 Qb6 15. Be2 Rac8 16. Qb1 Rfd8 17. Rd2 a5 18. Rfd1 a4 19. Qc2 c4 20. Nd4 e5 21. Ndf5 Bf8 22. Bg4 Ra8 23. Nh5 e4 24. Nf4 Ne5 25. Nxd5 Rxd5 26. Rxd5 Bxd5 27. Rxd5 Nxg4 28. Qxe4 Nf6 29. Rb5 Rd8 0-1

[Event "EUR-chT Seniors 65"]
[Site "Prague"]
[Date "2021.09.05"]
[Round "7.2"]
[White "Taksrud, Vidar"]
[Black "Koper, Stefan"]
[Result "0-1"]
[WhiteElo "1910"]
[BlackElo "1827"]
[PlyCount "86"]
[EventDate "2021.08.30"]
[EventType "team-swiss"]
[EventRounds "9"]
[EventCountry "CZE"]
[SourceTitle "CBM 204 Extra"]
[Source "ChessBase"]
[SourceDate "2021.11.30"]
[SourceVersion "1"]
[SourceVersionDate "2021.11.30"]
[SourceQuality "1"]
[WhiteTeam "Golden Oldies 65"]
[BlackTeam "Oldest Boys 65"]
[WhiteTeamCountry "NOR"]
[BlackTeamCountry "CZE"]

1. d4 d5 2. Nf3 Bf5 3. c4 dxc4 4. Nc3 Nf6 5. e3 e6 6. Bxc4 c6 7. 0-0 Nbd7 8. Qe2 Be7 9. e4 Bg4 10. Rd1 0-0 11. h3 Bh5 12. Bf4 Re8 13. Rac1 Bf8 14. Rd3 Rc8 15. Bg3 Qa5 16. e5 Nd5 17. Ne4 b5 18. Bb3 Bg6 19. Nh4 Bxe4 20. Qxe4 Qd8 21. a3 a5 22. f4 g6 23. Nf3 a4 24. Ba2 b4 25. Be1 b3 26. Bb1 c5 27. Rc4 Ra8 28. Bf2 N7b6 29. Rxc5 Bxc5 30. dxc5 Nc8 31. Nd2 Nce7 32. Nc4 Qc7 33. Nd6 Rf8 34. g4 Ra5 35. Qc4 f6 36. exf6 Rxf6 37. f5 gxf5 38. gxf5 exf5 39. Rxd5 Nxd5 40. Qxd5+ Kf8 41. Bxf5 Rxd6 42. Qe4 Rxc5 43. Qf4 Rd1+ 0-1

[Event "EUR-chT Seniors 65"]
[Site "Prague"]
[Date "2021.09.04"]
[Round "6.1"]
[White "Taksrud, Vidar"]
[Black "Sharif, Mershad"]
[Result "0-1"]
[WhiteElo "1910"]
[BlackElo "2335"]
[PlyCount "70"]
[EventDate "2021.08.30"]
[EventType "team-swiss"]
[EventRounds "9"]
[EventCountry "CZE"]
[SourceTitle "CBM 204 Extra"]
[Source "ChessBase"]
[SourceDate "2021.11.30"]
[SourceVersion "1"]
[SourceVersionDate "2021.11.30"]
[SourceQuality "1"]
[WhiteTeam "Golden Oldies 65"]
[BlackTeam "France 65"]
[WhiteTeamCountry "NOR"]
[BlackTeamCountry "FRA"]

1. Nc3 d5 2. e4 e6 3. Nf3 Nf6 4. e5 Nfd7 5. d4 c5 6. Bg5 Qb6 7. Bb5 Nc6 8. 0-0 cxd4 9. Bxc6 bxc6 10. Nxd4 Nxe5 11. Re1 Bd6 12. Bf4 Nc4 13. b3 Bxf4 14. bxc4 0-0 15. Rb1 Qc5 16. Nce2 Be5 17. Nf3 Bf6 18. cxd5 cxd5 19. Nf4 g6 20. Rb3 Ba6 21. Ne5 Qc7 22. Nfd3 Rac8 23. Ng4 Bg7 24. Ra3 Bb5 25. Re2 e5 26. Ne3 Rfd8 27. Qb1 a6 28. Rd2 d4 29. Nf1 e4 30. Ne1 Bh6 31. Rd1 Be2 32. Ng3 Bxd1 33. Qxd1 Qc6 34. Qe2 d3 35. cxd3 Qc1 0-1

[Event "Drammen Konnerud Autumn-A"]
[Site "Drammen"]
[Date "2020.10.28"]
[Round "13"]
[White "Taksrud, Vidar"]
[Black "Aure, Anders Nilsson"]
[Result "1-0"]
[WhiteElo "1904"]
[BlackElo "1740"]
[PlyCount "53"]
[EventDate "2020.08.19"]
[EventType "tourn"]
[EventRounds "13"]
[EventCountry "NOR"]
[SourceTitle "EXT 2024"]
[Source "ChessBase"]
[SourceDate "2023.10.10"]
[SourceVersion "1"]
[SourceVersionDate "2023.10.10"]
[SourceQuality "1"]

1. d4 Nf6 2. Nf3 g6 3. g3 Bg7 4. Bg2 0-0 5. c4 d5 6. cxd5 Nxd5 7. e4 Nf6 8. Nc3 c5 9. d5 Qa5 10. 0-0 Rd8 11. Qb3 Na6 12. Bg5 h6 13. Bd2 Qb4 14. Qc2 Qb6 15. a3 e6 16. Ne5 exd5 17. exd5 Bf5 18. Qc1 Ne4 19. Nc4 Nxc3 20. Bxc3 Qb5 21. Bxg7 Kxg7 22. Qc3+ Kg8 23. Rfe1 Nc7 24. Rad1 Qd7 25. Qf6 Rf8 26. Re7 Qd8 27. Nd6 1-0

[Event "WchT Seniors 65"]
[Site "Prague"]
[Date "2020.03.08"]
[Round "3.25"]
[White "Tichatschke, Wolfgang"]
[Black "Taksrud, Vidar"]
[Result "0-1"]
[WhiteElo "1974"]
[BlackElo "1910"]
[PlyCount "124"]
[EventDate "2020.03.06"]
[EventType "team-swiss"]
[EventRounds "7"]
[EventCountry "CZE"]
[SourceTitle "CBM 195 Extra"]
[Source "ChessBase"]
[SourceDate "2020.05.31"]
[SourceVersion "1"]
[SourceVersionDate "2020.05.31"]
[SourceQuality "1"]
[WhiteTeam "Germany 65 X"]
[BlackTeam "Norway 65 II"]
[WhiteTeamCountry "GER"]
[BlackTeamCountry "NOR"]

1. e4 d5 2. exd5 Nf6 3. d4 Nxd5 4. Nf3 c6 5. Be2 g6 6. 0-0 Bg7 7. c4 Nc7 8. Nc3 0-0 9. Be3 Nd7 10. Qd2 Nf6 11. Bh6 Ne6 12. Bxg7 Kxg7 13. d5 Nc7 14. Rad1 cxd5 15. cxd5 Qd6 16. h3 Rd8 17. Bc4 Rb8 18. Qe2 a6 19. Bb3 b5 20. Rfe1 Re8 21. Ne4 Nxe4 22. Qxe4 Bb7 23. Rd2 Rbd8 24. Red1 Qf6 25. Qe3 Na8 26. Ne5 Nb6 27. Ng4 Qd6 28. Qd4+ f6 29. Ne3 Nd7 30. Qg4 Kh8 31. h4 Nc5 32. Bc2 Bc8 33. Qd4 Kg7 34. h5 Nb7 35. hxg6 hxg6 36. Qg4 f5 37. Qd4+ Qf6 38. Qf4 Nd6 39. Qd4 f4 40. Nf1 Nc4 41. Re2 Nxb2 42. Qxf6+ Kxf6 43. Rd4 e5 44. Rb4 Nc4 45. Be4 Nd6 46. f3 a5 47. Rbb2 Ba6 48. Rec2 Rc8 49. Nd2 Rxc2 50. Bxc2 Rc8 51. Ne4+ Nxe4 52. Bxe4 b4 53. Rd2 Rc1+ 54. Kh2 Bc8 55. g3 Bd7 56. g4 Ba4 57. g5+ Kf7 58. d6 Rd1 59. Rd5 Rxd5 60. Bxd5+ Ke8 61. Be6 Bc2 62. Kg2 a4 0-1

[Event "Konnerud CC-ch"]
[Site "Konnerud"]
[Date "2020.01.29"]
[Round "3"]
[White "Taksrud, Vidar"]
[Black "Aure, Anders Nilsson"]
[Result "1-0"]
[WhiteElo "1909"]
[BlackElo "1772"]
[PlyCount "73"]
[EventDate "2020.01.08"]
[EventType "swiss"]
[EventRounds "6"]
[EventCountry "NOR"]
[SourceTitle "EXT 2024"]
[Source "ChessBase"]
[SourceDate "2023.10.10"]
[SourceVersion "1"]
[SourceVersionDate "2023.10.10"]
[SourceQuality "1"]

1. d4 Nf6 2. c4 g6 3. g3 Bg7 4. Bg2 d5 5. cxd5 Nxd5 6. e4 Nb6 7. Ne2 c5 8. d5 e6 9. Nbc3 exd5 10. exd5 0-0 11. 0-0 Bf5 12. Be3 N8d7 13. b3 Rc8 14. Rc1 Nf6 15. Qd2 Qd7 16. Rfd1 Rfe8 17. a4 Na8 18. d6 b6 19. Bg5 Ne4 20. Nxe4 Bxe4 21. Be7 Bxg2 22. Kxg2 Bf8 23. Bxf8 Rxf8 24. Rc4 Rfd8 25. Nc3 Qc6+ 26. Qd5 Kg7 27. Re4 Qxd5 28. Rxd5 Rd7 29. Re7 Rcd8 30. Ne4 h6 31. h4 Kf8 32. Rxd7 Rxd7 33. Nf6 Rd8 34. g4 Kg7 35. g5 hxg5 36. hxg5 Kf8 37. Rd1 1-0

[Event "Wch Seniors 65 29th"]
[Site "Bucharest"]
[Date "2019.11.19"]
[Round "7"]
[White "Furman, Boris"]
[Black "Taksrud, Vidar"]
[Result "1-0"]
[WhiteElo "2093"]
[BlackElo "1954"]
[PlyCount "71"]
[EventDate "2019.11.12"]
[EventType "swiss"]
[EventRounds "11"]
[EventCountry "ROU"]
[SourceTitle "CBM 193 Extra"]
[Source "ChessBase"]
[SourceDate "2020.01.31"]
[SourceVersion "1"]
[SourceVersionDate "2020.01.31"]
[SourceQuality "1"]

1. d4 Nf6 2. c4 e6 3. Nc3 Bb4 4. e3 c5 5. Bd3 Nc6 6. Nge2 0-0 7. 0-0 a6 8. Na4 cxd4 9. exd4 b6 10. a3 Be7 11. b4 Bb7 12. Bb2 d6 13. Ng3 a5 14. Qd2 Nd7 15. f4 axb4 16. axb4 Bf6 17. Bc2 Ne7 18. Nh5 Qc7 19. Nxf6+ Nxf6 20. Qe2 Rfc8 21. Bd3 d5 22. c5 bxc5 23. dxc5 Ne4 24. Be5 Qd8 25. Nb6 Rxa1 26. Rxa1 Rc6 27. Bxe4 dxe4 28. Rd1 Nd5 29. Nxd5 exd5 30. Qxe4 Rc8 31. Qf5 Ra8 32. b5 Qa5 33. Qg5 f6 34. Bxf6 g6 35. c6 Bc8 36. Qxd5+ 1-0

[Event "Wch Seniors 65 29th"]
[Site "Bucharest"]
[Date "2019.11.18"]
[Round "6"]
[White "Taksrud, Vidar"]
[Black "El Gheiadi, Ibrahim"]
[Result "1-0"]
[WhiteElo "1954"]
[BlackElo "1815"]
[PlyCount "49"]
[EventDate "2019.11.12"]
[EventType "swiss"]
[EventRounds "11"]
[EventCountry "ROU"]
[SourceTitle "CBM 193 Extra"]
[Source "ChessBase"]
[SourceDate "2020.01.31"]
[SourceVersion "1"]
[SourceVersionDate "2020.01.31"]
[SourceQuality "1"]

1. Nf3 Nf6 2. c4 e6 3. Nc3 d5 4. d4 c6 5. Bg5 Be7 6. Rc1 dxc4 7. e4 b5 8. Bxf6 Bxf6 9. e5 Be7 10. Be2 0-0 11. 0-0 a6 12. Ne4 f5 13. exf6 Bxf6 14. b3 cxb3 15. Qxb3 Qd5 16. Nxf6+ Rxf6 17. Qb1 Nd7 18. Bd3 Rh6 19. Be4 Qh5 20. Bxc6 Rb8 21. Rfe1 Nb6 22. Re5 Qf7 23. Ng5 Qf4 24. g3 Qxd4 25. Rd1 1-0

[Event "Wch Seniors 65 29th"]
[Site "Bucharest"]
[Date "2019.11.14"]
[Round "3"]
[White "Schramek, Kurt"]
[Black "Taksrud, Vidar"]
[Result "0-1"]
[WhiteElo "1631"]
[BlackElo "1954"]
[PlyCount "110"]
[EventDate "2019.11.12"]
[EventType "swiss"]
[EventRounds "11"]
[EventCountry "ROU"]
[SourceTitle "CBM 193 Extra"]
[Source "ChessBase"]
[SourceDate "2020.01.31"]
[SourceVersion "1"]
[SourceVersionDate "2020.01.31"]
[SourceQuality "1"]

1. d4 Nf6 2. Bf4 g6 3. c3 Bg7 4. Nd2 d6 5. h3 Nc6 6. Ngf3 0-0 7. e4 Nh5 8. Bh2 e5 9. dxe5 Nxe5 10. Be2 Nxf3+ 11. Bxf3 Qg5 12. Qc2 Be6 13. a3 Bh6 14. 0-0-0 Nf6 15. Kb1 Qc5 16. Bg3 a5 17. Nb3 Qc4 18. Nc1 Bxc1 19. Kxc1 Qa2 20. Qb1 Qb3 21. Qc2 Qb6 22. Bf4 Bb3 23. Qd2 Bxd1 24. Rxd1 Nd7 25. Be3 Qb3 26. Bh6 Rfe8 27. Qd4 Ne5 28. Be2 Rad8 29. f4 c5 30. Qd5 Qxd5 31. exd5 Nd7 32. Bb5 f6 33. Kd2 Re7 34. h4 Kf7 35. f5 Re5 36. fxg6+ Kxg6 37. Bf4 Rxd5+ 38. Ke2 Rxd1 39. Kxd1 Kf5 40. g3 Ne5 41. Be2 d5 42. Kc2 d4 43. cxd4 Rxd4 44. Bb5 Rxf4 45. gxf4 Kxf4 46. Be8 Ke3 47. Kc3 f5 48. Bb5 f4 49. Bf1 f3 50. Kc2 c4 51. Kc3 b5 52. b3 f2 53. bxc4 bxc4 54. Kc2 h5 55. Kc3 Nf3 0-1

[Event "Wch Seniors 65 29th"]
[Site "Bucharest"]
[Date "2019.11.12"]
[Round "1"]
[White "Rooze, Jan"]
[Black "Taksrud, Vidar"]
[Result "1-0"]
[WhiteElo "2272"]
[BlackElo "1954"]
[PlyCount "69"]
[EventDate "2019.11.12"]
[EventType "swiss"]
[EventRounds "11"]
[EventCountry "ROU"]
[SourceTitle "CBM 193 Extra"]
[Source "ChessBase"]
[SourceDate "2020.01.31"]
[SourceVersion "1"]
[SourceVersionDate "2020.01.31"]
[SourceQuality "1"]

1. e4 d5 2. exd5 Nf6 3. Nf3 Nxd5 4. d4 g6 5. c4 Nb6 6. Nc3 Bg7 7. c5 Nd5 8. Bc4 c6 9. Qb3 0-0 10. 0-0 Nxc3 11. bxc3 b5 12. Bd3 Na6 13. Qb1 Be6 14. a4 Nc7 15. axb5 cxb5 16. Bf4 Nd5 17. Bd2 a6 18. Re1 Qc7 19. Ne5 Bc8 20. h4 Bb7 21. h5 gxh5 22. Bxh7+ Kh8 23. Bd3 e6 24. Qd1 Nf6 25. Bg5 Ng4 26. Nxg4 hxg4 27. Qxg4 f5 28. Qh4+ Kg8 29. Rxe6 Rf7 30. Rae1 Raf8 31. Rd6 Qa5 32. Bd2 Bf6 33. Rxf6 Rxf6 34. Re7 R6f7 35. Qg5+ 1-0

[Event "Helsingor Xtracon op"]
[Site "Helsingor"]
[Date "2019.07.25"]
[Round "7"]
[White "Taksrud, Vidar"]
[Black "Madsen, Michael Bohring"]
[Result "0-1"]
[WhiteElo "1942"]
[BlackElo "2133"]
[PlyCount "96"]
[EventDate "2019.07.20"]
[EventType "swiss"]
[EventRounds "10"]
[EventCountry "DEN"]
[SourceTitle "CBM 191 Extra"]
[Source "ChessBase"]
[SourceDate "2019.09.30"]
[SourceVersion "1"]
[SourceVersionDate "2019.09.30"]
[SourceQuality "1"]

1. d4 Nf6 2. g3 c5 3. d5 d6 4. Nc3 g6 5. Bg2 Bg7 6. Nf3 0-0 7. 0-0 Nbd7 8. a4 Rb8 9. Nd2 a6 10. a5 b5 11. axb6 Nxb6 12. Nb3 Ne8 13. Na5 Bd7 14. Qd3 Qc8 15. Bg5 f6 16. Bd2 Nc7 17. Nc6 Bxc6 18. dxc6 c4 19. Qe3 e5 20. Ra5 f5 21. Rd1 e4 22. Bc1 d5 23. Qc5 Ne6 24. Nxd5 Nxd5 25. Qxc4 Nb6 26. Qa2 Qxc6 27. Rxa6 Kh8 28. Be3 Nc7 29. Ra7 Nc8 30. Ra4 Rxb2 31. Rc4 Qb5 32. Qa3 Qxc4 33. Bd4 Qb4 34. Bxb2 Qxb2 35. Qa4 Qb5 36. Qa3 Qxe2 37. Rd7 Qxc2 38. Bf1 Qc6 39. Rd1 Ne6 40. Rc1 Qd6 41. Qb3 Nd4 42. Qb7 Ne7 43. Rc7 Bf6 44. Bc4 Nf3+ 45. Kg2 Qd1 46. Bf1 Nd2 47. Ba6 Qf3+ 48. Kg1 Bd4 0-1